Introduction to thye physics of highly charged Ions/ (Record no. 8766)

MARC details
000 -LEADER
fixed length control field 00643nam a22002177a 4500
003 - CONTROL NUMBER IDENTIFIER
control field OSt
005 - DATE AND TIME OF LATEST TRANSACTION
control field 20240624161340.0
008 - FIXED-LENGTH DATA ELEMENTS--GENERAL INFORMATION
fixed length control field 240624b |||||||| |||| 00| 0 eng d
020 ## - INTERNATIONAL STANDARD BOOK NUMBER
International Standard Book Number 0750304812
040 ## - CATALOGING SOURCE
Transcribing agency must
082 ## - DEWEY DECIMAL CLASSIFICATION NUMBER
Classification number 530 BEY 2003
100 ## - MAIN ENTRY--PERSONAL NAME
Personal name Beyer,HF
9 (RLIN) 17708
245 ## - TITLE STATEMENT
Title Introduction to thye physics of highly charged Ions/
Statement of responsibility, etc. HF Beyer and VP Shevelko
260 ## - PUBLICATION, DISTRIBUTION, ETC. (IMPRINT)
Place of publication, distribution, etc. London:
Name of publisher, distributor, etc. Institute of physics publishing ;
Date of publication, distribution, etc. c2003.
300 ## - PHYSICAL DESCRIPTION
Extent xiv,361p.:
Other physical details ill;
Dimensions 23cm.
440 ## - SERIES STATEMENT/ADDED ENTRY--TITLE
Title Series in Atomic and Molecular Physics
9 (RLIN) 17709
504 ## - BIBLIOGRAPHY, ETC. NOTE
Bibliography, etc Includes Index
600 ## - SUBJECT ADDED ENTRY--PERSONAL NAME
Source of heading or term physics
700 ## - ADDED ENTRY--PERSONAL NAME
Personal name Shevelko,VP
9 (RLIN) 17710
942 ## - ADDED ENTRY ELEMENTS (KOHA)
Source of classification or shelving scheme Dewey Decimal Classification
Koha item type Open Shelf
Holdings
Withdrawn status Lost status Source of classification or shelving scheme Damaged status Not for loan Home library Current library Date acquired Source of acquisition Inventory number Total Checkouts Full call number Barcode Date last seen Price effective from Koha item type
    Other/Generic Classification Scheme     MUST Main Library MUST Main Library 24/06/2024 donation 03/18629   530 BEY 2003 2024-21133 24/06/2024 24/06/2024 Open Shelf